| 000 | 00938nas a2200289 4500 | ||
|---|---|---|---|
| 001 | BR7803561 | ||
| 003 | BR-BrBNA | ||
| 005 | 20231205083445.0 | ||
| 007 | ta | ||
| 008 | 230509b bl.|||p| |||| 00| 00por d | ||
| 040 |
_aBR-BrBNA _bpor _cBiblioteca Nacional de Agricultura |
||
| 041 | _a(Pt) | ||
| 072 | _aF22 | ||
| 100 | 1 | _aMello, F. de A.F. de | |
| 100 | 1 | _aSilveira, R.I. | |
| 100 | 1 | _aArzolla, S. | |
| 100 | 1 | _aHellmeister, S.R. | |
| 245 | 1 | _aEfeito da materia organica sobre a capacidade de retencao de umidade de quatro solos do municipio de Piracicaba [Sao Paulo; Brasil] | |
| 650 | _aFisica do solo | ||
| 650 | _aMateria organica | ||
| 650 | _aUmidade do solo | ||
| 650 | _aPiracicaba | ||
| 650 | _aSao Paulo | ||
| 773 | 0 |
_tAnais da Escola Superior de Agricultura Luiz de Queiroz (Brazil) _xISSN 0071-1276 _g(1978), v. 35(35) p. 45-50 _wBR7803561 |
|
| 909 |
_a202311 _bLúcia _c55 _dLúcia Elande |
||
| 942 |
_2AGRIS _n0 _cANA |
||
| 999 |
_c98895 _d98895 |
||